00473nam a2200157Ia 4500003000400000008004100004020001500045040001600060082001900076100001800095245005200113260007200165300002100237650002300258650003400281GCL140319s9999 xx 000 0 eng d a9774243870 aGCL / cGCL04aCCb962.1bH A1 aHAAG, MICHAEL10aALEXANDRIA : bCITY OF MEMORY / cHAAG, MICHAEL aالقاهرة : bTHE AMERICAN UNIVERSITY IN CAIRO PRESS ، c2004 a24 CM ؛ c368 P04aALEXANDRIA (EGYPT)04aALEXANDRIA (EGYPT) - HISTORY